Tragedy : (Record no. 5886)

MARC details
000 -LEADER
fixed length control field 00957cam a22002895a 4500
003 - CONTROL NUMBER IDENTIFIER
control field EG-ScBUE
005 - DATE AND TIME OF LATEST TRANSACTION
control field 20200108120722.0
008 - FIXED-LENGTH DATA ELEMENTS--GENERAL INFORMATION
fixed length control field 170427s2005 enka f b 001 0 eng d
020 ## - INTERNATIONAL STANDARD BOOK NUMBER
International Standard Book Number 0192802356 (alk. paper)
020 ## - INTERNATIONAL STANDARD BOOK NUMBER
International Standard Book Number 9780192802354 (alk. paper)
040 ## - CATALOGING SOURCE
Original cataloging agency EG-ScBUE
Language of cataloging eng
Description conventions rda
Transcribing agency EG-ScBUE
Modifying agency EG-ScBUE
-- EG-ScBUE
082 04 - DEWEY DECIMAL CLASSIFICATION NUMBER
Classification number 809.9162
Item number POO
Edition number 22
100 1# - MAIN ENTRY--PERSONAL NAME
Personal name Poole, Adrian,
Relator term author.
245 10 - TITLE STATEMENT
Title Tragedy :
Remainder of title a very short introduction /
Statement of responsibility, etc Adrian Poole.
264 #1 - PUBLICATION, DISTRIBUTION, ETC. (IMPRINT)
Place of publication, distribution, etc Oxford ;
-- New York :
Name of publisher, distributor, etc Oxford University Press,
Date of publication, distribution, etc 2005.
300 ## - PHYSICAL DESCRIPTION
Extent 147 pages :
Other physical details illustrations ;
Dimensions 18 cm
336 ## - CONTENT TYPE
Source rdacontent
Content type term text
Content type code txt
337 ## - MEDIA TYPE
Source rdamedia
Media type term unmediated
Media type code n
338 ## - CARRIER TYPE
Source rdacarrier
Carrier type term volume
Carrier type code nc
504 ## - BIBLIOGRAPHY, ETC. NOTE
Bibliography, etc Includes bibliographical references and index.
590 ## - LOCAL NOTE (RLIN)
Local note mahmoud sami
650 #7 - SUBJECT ADDED ENTRY--TOPICAL TERM
Topical term or geographic name as entry element Tragedy
Source of heading or term BUEsh
9 (RLIN) 30508
650 #7 - SUBJECT ADDED ENTRY--TOPICAL TERM
Topical term or geographic name as entry element Tragic, The.
Source of heading or term BUEsh
653 ## - INDEX TERM--UNCONTROLLED
Resource For college Humanities: Psychology
Arrived date list April2017
655 ## - INDEX TERM--GENRE/FORM
Form subdivision Reading book
942 ## - ADDED ENTRY ELEMENTS (KOHA)
Source of classification or shelving scheme Dewey Decimal Classification
Koha item type Book - Borrowing
Holdings
Withdrawn status Lost status Source of classification or shelving scheme Damaged status Not for loan Collection code Home library Current library Shelving location Date acquired Source of acquisition Total Checkouts Total Renewals Full call number Barcode Date last seen Date checked out Price effective from Koha item type Cost, normal purchase price Serial Enumeration / chronology Cost, replacement price
    Dewey Decimal Classification     Baccah Central Library Central Library Second Floor 07/11/2007 Purchase 2 3 809.9162 POO 000007451 15/07/2025 16/12/2014 07/11/2007 Book - Borrowing      
    Dewey Decimal Classification     Academic Bookshop Central Library Central Library Second Floor 27/04/2017 Purchase 1   809.9162 POO 000041729 15/07/2025 19/09/2017 27/04/2017 Book - Borrowing 45.00 1849 56.25